Biggest Trading Partners - Taiwan - Statistics

General Stats
  • This quiz has been taken 768 times
  • The average score is 21 of 24
Answer Stats
Exports Imports Country % Correct
109 bil 44.1 bil China
100%
34.2 bil 26.6 bil United States
99%
19.2 bil 38.6 bil Japan
98%
12.5 bil 13.0 bil South Korea
97%
3.77 bil United Kingdom
96%
3.20 bil 5.71 bil Australia
95%
2.66 bil France
95%
2.93 bil India
95%
5.92 bil 8.60 bil Germany
94%
3.04 bil 5.96 bil Indonesia
93%
2.34 bil Canada
92%
5.65 bil 3.93 bil Thailand
92%
7.12 bil 6.53 bil Malaysia
91%
9.46 bil Vietnam
91%
2.52 bil Russia
90%
17.2 bil 7.11 bil Singapore
90%
1.69 bil Italy
89%
7.43 bil Philippines
87%
2.21 bil Mexico
85%
1.69 bil 7.31 bil Saudi Arabia
74%
4.11 bil 2.86 bil Netherlands
73%
1.51 bil Turkey
69%
3.89 bil Qatar
42%
3.96 bil Kuwait
33%
No matching quizzes found
Score Distribution
Percent of People with Each Score
Percentile by Number Answered
Your Score History
You have not taken this quiz